Cây chò đãi ( Carya sinensis Dode)

Tallennettuna:
Bibliografiset tiedot
Päätekijä: NGUYỄN BÁ THỤ
Aineistotyyppi: Kirja
Kieli:Undetermined
Julkaistu: H. Nông Nghiệp
Aiheet:
Tagit: Lisää tagi
Ei tageja, Lisää ensimmäinen tagi!
Thư viện lưu trữ: Trung tâm Học liệu Trường Đại học Cần Thơ
LEADER 00487nam a2200157Ia 4500
001 CTU_50704
008 210402s9999 xx 000 0 und d
082 |a 634.973 
082 |b Th500 
100 |a NGUYỄN BÁ THỤ 
245 0 |a Cây chò đãi ( Carya sinensis Dode) 
245 0 |c NGUYỄN BÁ THỤ, Vũ Văn Cần 
260 |a H. 
260 |b Nông Nghiệp 
650 |a junglandales,forests and forestry 
980 |a Trung tâm Học liệu Trường Đại học Cần Thơ